Czy znasz przeglądarki internetowe? - Statystyki

Ogólne statystyki
  • Ten quiz został rozwiązany 72 razy
  • Średni wynik to 9 z 18
Statystyki odpowiedzi
Obrazkowy Odpowiedź % Poprawnych
Google Chrome
93%
Firefox
91%
Opera
89%
Safari
85%
Firefox Beta
75%
Internet Explorer
73%
Microsoft Edge
71%
Opera Mini
65%
Microsoft Edge Beta
58%
Opera GX
58%
Brave
31%
Samsung Internet
31%
Microsoft Edge Canary
9%
Chrome Canary
7%
Microsoft Edge Dev
7%
Firefox Nightly
5%
Opera Touch
4%
Firefox Focus
2%
Nie znaleziono quizów pasujących do podanych kryteriów
Rozkład punktacji
Procent ludzi z każdym wynikiem
Percentyl według liczby udzielonych odpowiedzi
Twoja historia wyników
Nie rozwiązałeś tego quizu